000 00634nam a22001817a 4500
005 20251108165356.0
008 250721s9999 xx 000 0 ara d
082 1 4 _aم/922.13/حجر
100 1 _aالعسقلاني، شهاب الدين أبو الفضل أحمد بن علي بن محمد ...
245 1 0 _aتعجيل المنفعة بزوائد رجال الأئمة الأربعة /
264 1 _aبيروت :
_bدار الكتاب العربي،
_c[19-].
300 _a569ص
650 1 7 _aالحديث الشريف
650 1 7 _aرواية الحديث
650 1 7 _aالتراجم
942 _2ddc
_cREF
999 _c26413
_d26413